000 00910nam a2200241Ia 4500
999 _c6483
_d6483
003 GCL
005 20240530095348.0
008 140319s9999 xx 000 0 ara d
040 _aGCL /
_cGCL
082 0 4 _a624.1 \
_bع م
100 1 _aعماد درويش
245 1 0 _aالمرجع الشامل فى الهندسة الانشائية : طريقة العناصر المحددة لتحليل المنشات المختلفة ج - 13/
_cعماد درويش
250 _aالاولى
260 _aسوريا :
_bدار دمشق للنشر والتوزيع والطباعة ،
_c1997
300 _a387 ؛
_c25 سم
490 _aالمرجع الشامل فى الهندسة الانشائية
_v0
650 0 4 _aهندسة الانشاءات
650 0 4 _aالانشاءات
650 0 4 _aالتحليل الهندسى
700 1 _aمصباح عز
700 1 _aدار دمشق
942 _2ddc
_cBK